Biblioteca

Mito, fe y hermenéutica / Raimon Panikkar ; Traducción de Germán Ancochea Soto (Registro nro. 44669)

Detalles MARC
000 -LÍDER
Campo fijo de descripción fija 013210000a22002290004500
020 ## - NÚMERO INTERNACIONAL NORMALIZADO PARA LIBROS
Número Internacional Normalizado del libro 978-84-254-2481- 6
041 0# - CÓDIGO DE IDIOMA
Código de idioma para texto/pista de sonido o título separado
082 04 - NÚMERO DE CLASIFICACIÓN DECIMAL DEWEY
Número de clasificación G 291.1 P192m
001 - NÚMERO DE CONTROL
Campo de control 18199
100 1# - ASIENTO PRINCIPAL--NOMBRE PERSONAL
Nombre personal Panikkar, Raimon
245 10 - TÍTULO
Título del Material Mito, fe y hermenéutica / Raimon Panikkar ; Traducción de Germán Ancochea Soto
260 ## - PUBLICACIÓN, DISTRIBUCIÓN, ETC. (PIE DE IMPRENTA)
Lugar de publicación, distribución, etc. Barcelona, España : Herder
300 ## - DESCRIPCIÓN FÍSICA
Extensión 479 p.
336 ## - CONTENT TYPE
Content type term texto
Content type code txt
Source rdacontent
337 ## - MEDIA TYPE
Source rdamedia
Media type term sin mediación
Media type code n
338 ## - CARRIER TYPE
Source rdacarrier
Carrier type term volumen
Carrier type code nc
500 ## - NOTA GENERAL
Nota General Título original: Mito, Fede ed Ermeneutica
501 ## - NOTA DE “CON”
Nota de Contenido rústico
505 00 - NOTA DE CONTENIDO
Nota de contenido con formato preestablecido I PARTE: El mito. La ley de la tolerancia -- Tolerancia, ideología y mito -- El mito de Prajapati. La culpa original -- ´Sunahsepa: un mito sobre la condición humana \ II PARTE: La fe. La fe como dimensión constitutiva -- Testimonio y diálogo -- El silencio y la palabra. La sonrisa de Buddha -- La experiencia suprema \ III PARTE: La hermenéutica. Metateología como teología fundamental -- La tradición filosófica -- El Dios del ser y el ser de Dios. Religión y ateísmo -- La ley del Karman y la dimensión histórica del hombre -- El sujeto de la infalibilidad. Solipsismo y verificación -- Hermenéutica de la libertad religiosa.
650 14 - ASIENTO SECUNDARIO DE MATERIA - TERMINO TEMÁTICO
Término temático o nombre geográfico como elemento de entrada FE Y RAZON - MITOLOGIA \ REALIDAD \ HERMENEUTICA DE LA VIDA
942 ## - TIPO DE MATERIAL (KOHA)
Tipo de Item KOHA Libros General
Existencias
Estado de Material Estado de Perdido Forma de Clasificación Estado de Dañado No para Préstamo Colección Tomo Biblioteca de Origen Biblioteca Permanente Fecha de Adquisición Total de Préstamos Total de Renovaciones Signatura Topográfica Código de Barras Última vez visto Última vez Préstado Ejemplar/Existencia Fecha de Remplazo Tipo de Material
    Dewey Decimal Classification     Colección General   Biblioteca FUSBC Biblioteca FUSBC 14/04/2014 1 6 G 291.1 P192m 18208 29/01/2025 10/03/2020 1 26/01/2016 Libros General

Biblioteca FUSBC | Teléfono: (57+4) 349 88 10 Ext. 141| WhatsApp (+57) 3005338115 
E-mail: biblioteca@unisbc.edu.co | Calle 76 87-14 Robledo Palenque, Medellín, Colombia

Con tecnología Koha